नए गीत का उदभव और विकास / (Record no. 115133)

MARC details
000 -LEADER
fixed length control field 01002nam a22002537a 4500
005 - DATE AND TIME OF LATEST TRANSACTION
control field 20170124103019.0
010 ## - LIBRARY OF CONGRESS CONTROL NUMBER
LC control number B-073590
020 ## - INTERNATIONAL STANDARD BOOK NUMBER
Terms of availability 100.00
035 ## - SYSTEM CONTROL NUMBER
System control number B-073590
037 ## - SOURCE OF ACQUISITION
Source of stock number/acquisition Cen Lib/Ret
040 ## - CATALOGING SOURCE
Original cataloging agency DPL
Language of cataloging HN
082 ## - DEWEY DECIMAL CLASSIFICATION NUMBER
Classification number 821.08
Item number रमेश
100 ## - MAIN ENTRY--PERSONAL NAME
Personal name रमेश रंजक
9 (RLIN) 60033
245 ## - TITLE STATEMENT
Title नए गीत का उदभव और विकास /
Statement of responsibility, etc रमेश रंजक
246 ## - VARYING FORM OF TITLE
Title proper/short title Nae geet ka udbhav aur vikas
Remainder of title by Ramesh Ranjak
260 ## - PUBLICATION, DISTRIBUTION, ETC. (IMPRINT)
Place of publication, distribution, etc नई दिल्ली
Name of publisher, distributor, etc पुस्तकायन
Date of publication, distribution, etc 2002
270 ## - ADDRESS
Address 2/4240 ए-अंसारी रोड
City नई दिल्ली
Postal code 110002
300 ## - PHYSICAL DESCRIPTION
Extent 136पृष्ठ.
Dimensions 21सेमी(सजिल्द)
650 ## - SUBJECT ADDED ENTRY--TOPICAL TERM
Topical term or geographic name as entry element हिंदी साहित्य
9 (RLIN) 60034
650 ## - SUBJECT ADDED ENTRY--TOPICAL TERM
Topical term or geographic name as entry element नवगीत में छायावाद
9 (RLIN) 258
650 ## - SUBJECT ADDED ENTRY--TOPICAL TERM
Topical term or geographic name as entry element Hindi literature
9 (RLIN) 60035
650 ## - SUBJECT ADDED ENTRY--TOPICAL TERM
Topical term or geographic name as entry element In Nvgeet Chhayavaad
9 (RLIN) 60036
942 ## - ADDED ENTRY ELEMENTS (KOHA)
Source of classification or shelving scheme Dewey Decimal Classification
Koha item type Hindi Books
Classification part 821.08
Call number suffix रमेश
Holdings
Withdrawn status Lost status Damaged status Not for loan Home library Current library Date acquired Source of acquisition Cost, normal purchase price Total Checkouts Full call number Barcode Date last seen Copy number Cost, replacement price Price effective from Koha item type
        Central Library Central Library 19/08/2015 Cen Lib/Ret 100.00   821.08 रमेश B-073590 19/08/2015 1 100.00 19/08/2015 Hindi Books

© Delhi Public Library
Hit Counter
free hit counter